Indicadores, criterios, herramientas y modelos (con Excel) utilizados en la evaluación de inversiones (Registro nro. 166151)

Detalles MARC
000 -ENCABEZADO
Número de control [NR] 01047nam a22002417a 4500
008 - DE LONGITUD FIJA DE DATOS DE ELEMENTOS - INFORMACIÓN GENERAL
Elementos de longitud fija [NR] 130821s2012 ck a gr spa
020 ## - NUMERO INTERNACIONAL NORMALIZADO PARA LIBROS [R]
Número Internacional Normalizado del libro [NR] 9789588487144
040 ## - FUENTE DE CATALOGACION [NR]
Agencia de catalogación original [NR] CO-BoUCM
Idioma de catalogación [NR] Español
Quien Cataloga
Quien Clasifica
041 00 - CODIGO DE IDIOMA [R]
Código de idioma para texto/pista de sonido o título separado [R] Español
082 04 - NUMERO DE CLASIFICACION DECIMAL DEWEY [R]
Número de clasificación [R] 332.6
Número de la edición [NR] 20
100 1# - ASIENTO PRINCIPAL--NOMBRE PERSONAL [NR]
Nombre personal [NR] Londoño Orozco, Carlos Arturo
ID Autoridad 35045
245 10 - MENCION DE TITULO [NR]
Título [NR] Indicadores, criterios, herramientas y modelos (con Excel) utilizados en la evaluación de inversiones
Mención de responsabilidad, etc. [NR] Carlos Arturo Londoño Orozco
260 ## - PUBLICACION, DISTRIBUCION, ETC. (PIE DE IMPRENTA) [R]
Lugar de publicación, distribución, etc. [R] Pereira (Risaralda, Colombia)
Nombre del editor, distribuidor, etc. [R] Gráficas Buda
Fecha de publicación, distribución, etc. [R] 2012
300 ## - DESCRIPCION FISICA [R]
Extensión [R] 254 páginas
Otros detalles físicos [NR] ilustraciones, gráficas
Material acompañante [NR] 1 CD-ROM
490 0# - MENCION DE SERIE [R]
Mención de serie [R] Colección Maestros
Designación numérica/secuencial del volumen [NR] 12
504 ## - NOTA DE BIBLIOGRAFIA, ETC. [R]
Nota de bibliografía, etc. [NR] Incluye referencias bibliográficas e índices
650 #7 - ASIENTO SECUNDARIO DE MATERIA - TERMINO TEMATICO [R]
Término temático o nombre geográfico como elemento de entrada [NR] Análisis de inversiones
Subdivisión general [R] Automatización
9 (RLIN) 35641
650 #7 - ASIENTO SECUNDARIO DE MATERIA - TERMINO TEMATICO [R]
Término temático o nombre geográfico como elemento de entrada [NR] Contabilidad financiera
Subdivisión general [R] Automatización
9 (RLIN) 35642
650 #7 - ASIENTO SECUNDARIO DE MATERIA - TERMINO TEMATICO [R]
Término temático o nombre geográfico como elemento de entrada [NR] Excel (Programa para computador)
9 (RLIN) 35643
650 #7 - ASIENTO SECUNDARIO DE MATERIA - TERMINO TEMATICO [R]
Término temático o nombre geográfico como elemento de entrada [NR] Inversiones
Subdivisión de forma [R] Administración
9 (RLIN) 35644
710 1# - ASIENTO SECUNDARIO - NOMBRE CORPORATIVO [R]
Nombre corporativo o de jurisdicción como elemento de entrada [NR] Universidad Católica de Pereira
9 (RLIN) 35069
942 ## - ELEMENTOS DE ENTRADA AGREGADOS (KOHA)
Tipo de ítem principal el descrito en 300a Libro
Tema principal Economía
Edición 1
Parte restante de la signatura top. L847
Sistema de clasificación DEWEY
Clasificación 332.6
Existencias
Suprimido Perdido Sistema de clasificación Dañado No prestable Tipo de ítem específico Ubicación habitual Ubicación actual Localización Fecha de creación Proveedor Forma de adquisición Costo Signatura topográfica Código de barras Última vez visto Ejemplar Costo de reposición Price effective from Tipo de ítem Nota pública (OPAC)
    DEWEY     Libro Claustro Claustro Mezanine 02/04/2013 12 Donación 26000.00 332.6 L847 100133777 04/12/2025 Ej.1 26000.00 02/04/2013 Libro Spot Finanzas